000 00536nam a22001697a 4500
005 20230814150713.0
008 230814b |||||||| |||| 00| 0 eng d
020 _a9789385 360947
041 _aeng
082 _a729
_bMAP
100 _aMapin Publishing
_9204320
245 _aINdian Craft Interiors
_bMapin Publishing
_c2023
300 _a260p
_bHb
_c29 x 23.5
365 _aINR
_b1858.50
_cRupaye
500 _aStone New Faces Of Permanence Glazed Ceramics And Terracotta shabracing The Planet Bamboo Cane And Willow
942 _cBK
999 _c355786
_d355786